000 01005nam a2200277 4500
003 OSt
005 20260530115302.0
008 260505b1989 xxua|||| |||| 00| 0 eng d
020 _a007019100X
040 _aICI
_bspa
_cICI
041 _aeng
050 _aNA1995
_bE47
100 1 0 _aEhrenkrantz, Ezra D.,
_eautor
_931406
245 1 0 _aArchitectural Systems :
_ba needs, resources, and design approach /
_cEzra D. Ehrenkrantz
264 1 _aNew York :
_bMcGraw-Hill,
_cc1989
300 _a241 páginas :
_bilustraciones
336 _atexto
_2rdacontent
337 _asin medio
_2rdamedia
338 _avolumen
_2rdacarrier
650 4 _aIndustria de la construcción
650 _aCoordinación modular (Arquitectura)
_931408
650 _aArquitectura
_xServicios de información
_931409
650 _aSistemas de almacenamiento y recuperación de información.
_xConstrucción
_931410
650 _aSistemas de almacenamiento y recuperación de información
_xArquitectura
_931411
942 _2lcc
_cBK
_n1
999 _c12913
_d12913